00000000nam 2200000zi 4500
0019.951353
003CaOODSP
00520250722140701
006m     o  d f      
007cr cn|||||||||
008250526t20252025oncad   osb  f000 0 fre d
020 |a9780660774060
040 |aCaOODSP|bfre|erda|cCaOODSP
043 |an-cn---
0861 |aCS11-627/2025-41F-PDF
24500|aCrimes déclarés par la police au Canada en 2024.
264 1|a[Ottawa] : |bStatistique Canada = Statistics Canada, |c[2025]
264 4|c©2025
300 |a1 ressource en ligne (1 page non numérotée) : |billustrations, graphiques
336 |atexte|btxt|2rdacontent/fre
337 |ainformatique|bc|2rdamedia/fre
338 |aressource en ligne|bcr|2rdacarrier/fre
500 |aTitre de départ.
500 |aPublié aussi en anglais sous le titre : Police-reported crime in Canada, 2024.
504 |aComprend des références bibliographiques.
520 |a« Le volume et la gravité des crimes, mesurés par l'Indice de gravité de la criminalité (IGC), ont diminué pour la première fois en quatre ans, reculant de 4% en 2024 » -- Page [1].
650 6|aCriminalité|zCanada|vStatistiques.
650 6|aStatistiques criminelles|zCanada.
655 7|aStatistiques|2rvmgf
655 7|aInfographies|2rvmgf
7102 |aStatistique Canada, |eorganisme de publication.
77508|tPolice-reported crime in Canada, 2024.|w(CaOODSP)9.951352
85640|qPDF|s2.88 Mo|uhttps://publications.gc.ca/collections/collection_2025/statcan/11-627-m/11-627-m2025041-fra.pdf
8564 |qHTML|sS.O.|uhttps://www150.statcan.gc.ca/n1/pub/11-627-m/11-627-m2025041-fra.htm
986 |a11-627-M